000 00345nam a2200121 a 4500
005 20260104125309.0
008 251229s2023##################000#0#eng##
020 _a9788173460854
082 0 4 _a294.392309
_bTHU
245 1 0 _aThe Dalai Lamas of Tibet
_bHis Holiness the Dalai Lama
_cThubten Samphel and Tendar
260 _c2023.
942 _cENGLISH
999 _c606721
_d606721